000
003260000a22001450004500
003
MACL
040
_a
MACL
090
_c
32162
_d
32160
100
_a
Maxwell, John C
245
_a
Your Bridge to a Better Future
260
_b
Magna Publishing Co Ltd
_c
2002
350
_a
175
650
_a
Generalities
942
_c
BOOK
_k
002/MAX
999
_c
31835
_d
31835